000 00526 a2200169 4500
020 _a0-07-239684-9
040 _aDLC
_bEnglish
082 _a005.133
100 1 _aWu, C. Thomas
245 0 3 _aAn introduction to object-oriented programming with Java
_cC. Thomas Wu
250 _a2. ed.
260 _aBoston, Mass. :
_bMcGraw Hill,
_c2001
300 _axxviii, 863 s. :
_bill. ;
_c24 cm
650 0 _aObject-oriented programming (Computer science)
650 0 _aJava (Computer program language)
942 _cBK
_k005.133 THO
_2ddc
999 _c6017
_d6017